000 00458nmm a2200145Ia 4500
008 251105s9999||||xx |||||||||||||||||und||
041 _aspa
_aeng
100 _aLaviera, Tato
245 0 _aMayanito's New Friends = Los nuevos amigos de Mayanito
264 _a[Washington, Estados Unidos] :
_bArte Público Press,
_c2017
300 _a32 páginas
650 _aAges 9-12 Years Old
856 _uhttps://public.digitaliapublishing.com/a/56067
942 _cCF
999 _c106535
_d106535